Pokémon - Les attaques de Fort-Ivoire - Statistiques

Statistiques générales
  • Ce quiz a été pris 14 fois
  • Le résultat moyen est 11 sur 17
Statistiques - réponses
Niveaux Types Noms des attaques % Correct
Niveau 42 Ténèbres Sabotage
100%
Niveau 49 Sol Séisme
100%
Niveau 63 Combat Close Combat
82%
Niveau 35 Sol Trépignement
82%
Niveau 91 Sol Assaut Frontal
73%
Niveau 7 Sol Piétisol
73%
Départ Feu Zénith
73%
Niveau 84 Roche Fracass'Tête
64%
Niveau 77 Insecte Mégacorne
64%
Départ Roche Roulade
64%
Départ Normal Boul'Armure
55%
Niveau 28 Combat Casse-Brique
55%
Niveau 21 Normal Tour Rapide
55%
Niveau 56 Normal Giga Impact
45%
Niveau 14 Ténèbres Provoc
36%
Niveau 70 Normal Effort
18%
Départ Normal Koud'Korne
18%
Aucun quiz correspondant
Distribution des résultats
% des personnes avec chaque résultat
Percentile par nombre de réponses
Votre historique - résultats
Vous n’avez pas pris ce quiz